Mạch điện tử lý thú dễ thiết kế /
Na minha lista:
| Autor principal: | |
|---|---|
| Formato: | Sách giấy |
| Idioma: | Vietnamese |
| Publicado em: |
H. :
Thanh niên,
2005
|
| Assuntos: | |
| Tags: |
Adicionar Tag
Sem tags, seja o primeiro a adicionar uma tag!
|
| Thư viện lưu trữ: | Thư viện Trường Đại học Đà Lạt |
|---|
| LEADER | 00720nam a2200289 4500 | ||
|---|---|---|---|
| 001 | DLU060051688 | ||
| 005 | ##20060315 | ||
| 040 | # | # | |a DLU |b vie |
| 041 | # | # | |a vie |
| 044 | # | # | |a vn |
| 082 | # | # | |a 621.381 5 |b DA-Q |
| 100 | # | # | |a Đặng Hồng Quang |
| 245 | # | # | |a Mạch điện tử lý thú dễ thiết kế / |c Đặng Hồng Quang |
| 260 | # | # | |a H. : |b Thanh niên, |c 2005 |
| 300 | # | # | |a 191 tr. : |b minh hoạ ; |c 21 cm |
| 653 | # | # | |a Kỹ thuật điện tử |
| 653 | # | # | |a Mạch điện tử |
| 923 | # | # | |a 66/2005 |
| 992 | # | # | |a 25.000 |
| 994 | # | # | |a DLU |
| 900 | # | # | |a True |
| 911 | # | # | |a Đào Thị Thu Huyền |
| 925 | # | # | |a G |
| 926 | # | # | |a A |
| 927 | # | # | |a SH |
| 980 | # | # | |a Thư viện Trường Đại học Đà Lạt |